| 000 | 01209nam a2200241 i 4500 | ||
|---|---|---|---|
| 001 | 47779 | ||
| 003 | ES-MaACL | ||
| 005 | 20250724233439.0 | ||
| 007 | t| | ||
| 008 | 030526s1869 sp f |||| | spa d | ||
| 100 | 1 |
_aÉlie de Beaumont, Léonce, _d1798-1874 _946988 |
|
| 245 | 1 | 0 |
_aNota sobre las emanaciones volcánicas y metalíferas / _cpor Elie de Beaumont ; traducida por Federico de Botella. |
| 260 |
_aMadrid : _b[s.n.], _c1869 ( _fF.M. Lapuente) |
||
| 300 |
_a[1] h. de lám., 103 p. ; _c28 cm. |
||
| 530 | _aDisponible en formato digital. | ||
| 650 | 1 | 7 |
_aVolcanes _2embne _917846 |
| 700 | 1 |
_aBotella y de Hornos, Federico de, _d1822-1899 _930760 |
|
| 852 | 4 |
_aES-MaACL _jT-895-F-4 _z- Legado de Federico Botella y de Hornos _z- Enc. en un vol. facticio, conservando cub. original |
|
| 852 | 4 |
_aES-MaACL _jT-1087-F-2 _z- Legado de Federico de Botella y de Hornos |
|
| 852 | 4 |
_aES-MaACL _jL-32448(13) _z- Enc. cart. _z- Legado Federico de Botella y de Hornos _z- Enc. en un vol. facticio, con tít. en el lomo de: España, geología: memorias varias, 1 |
|
| 856 | 4 |
_uhttp://bdh-rd.bne.es/viewer.vm?id=0000235799&page=1 _zBiblioteca Digital Hispánica |
|
| 999 |
_c47779 _d47779 |
||